Marques dans la mode - Statistiques

Statistiques générales
  • Ce quiz a été pris 106 fois
  • Le résultat moyen est 12 sur 55
Statistiques - réponses
Réponse % Correct
Chanel
90%
Dior
81%
Armani
73%
Gucci
71%
Louis Vuitton
71%
Hermes
60%
Yves Saint Laurent
59%
Balenciaga
55%
Prada
43%
Versace
38%
Fendi
36%
Valentino
34%
Burberry
33%
Dolce & Gabbana
33%
Givenchy
31%
Celine
30%
Balmain
28%
Miu Miu
23%
Ralph Lauren
23%
Jacquemus
21%
Lacoste
20%
Chloé
19%
Calvin Klein
16%
Guerlain
16%
Guess
16%
Paco Rabanne
15%
Margiela
14%
Jean Paul Gaultier
13%
Tommy Hilfiger
13%
Loewe
11%
Vivienne Westwood
10%
Bottega Veneta
9%
Isabel Marant
9%
McQueen
8%
Michael Kors
8%
Mugler
8%
Off White
8%
Tom Ford
8%
Moschino
6%
The Kooples
6%
Courreges
5%
Stella Mc Cartney
5%
Marc Jacobs
4%
Ami Paris
3%
Coach
3%
Elie Saab
3%
Jimmy Choo
3%
Max Mara
3%
Sonia Rykiel
3%
Acne Studio
1%
Agnes B
1%
Coperni
1%
Victoria Beckam
1%
Galiano
0%
Vêtements
0%
Aucun quiz correspondant
Distribution des résultats
% des personnes avec chaque résultat
Percentile par nombre de réponses
Votre historique - résultats
Vous n’avez pas pris ce quiz